[Event "GER-chT North U14"]
[Site "Magdeburg"]
[Date "2012.09.09"]
[Round "7.4"]
[White "Milerman, Vladimir"]
[Black "Stanke, Colin"]
[Result "1-0"]
[WhiteElo "1286"]
[BlackElo "858"]
[PlyCount "41"]
[EventDate "2012.09.06"]
[EventType "team-swiss"]
[EventRounds "7"]
[EventCountry "GER"]
[SourceTitle "EXT 2015"]
[Source "ChessBase"]
[SourceDate "2014.11.20"]
[SourceVersion "1"]
[SourceVersionDate "2014.11.20"]
[SourceQuality "1"]
[WhiteTeam "Bremen Ost"]
[BlackTeam "Hamburg Diogenes"]
[WhiteTeamCountry "GER"]
[BlackTeamCountry "GER"]

1. e4 e6 2. d4 d5 3. e5 c5 4. c3 Bd7 5. Qb3 Qc7 6. f4 Nc6 7. Nf3 Na5 8. Qc2 Qb6 9. Be3 Rc8 10. Qd2 f6 11. Be2 Be7 12. 0-0 Bb5 13. Qc2 cxd4 14. Bxd4 Qc7 15. Bxb5+ Kf8 16. Qd2 fxe5 17. fxe5 Nc4 18. Ng5+ Bf6 19. Bxc4 Qxc4 20. exf6 gxf6 21. Na3 1-0